| 000 | 01737nam a22004097a 4500 | ||
|---|---|---|---|
| 001 | BRCA_9258 | ||
| 003 | FranzMayer | ||
| 005 | 20230717132000.0 | ||
| 008 | 230714b |||||||| |||| 00| 0 eng d | ||
| 020 | _a9786075028422 | ||
| 040 |
_aMFM _besp _cMFM |
||
| 041 | _aesp | ||
| 050 | 0 |
_aN7343.24 _bJ56 2020 |
|
| 100 | 1 |
_4Autor _aWeinuo, Jin _928743 |
|
| 110 | 1 |
_4Editorial _aUniversidad de Veracruz _928744 |
|
| 240 | 1 |
_aHistoria del arte chino Tomo 2 _hTomo 2: De la dinastía Wei a la dinastía Tan _lesp |
|
| 245 | 0 |
_aHistoria del arte chino _b Tomo 2: De la dinastía Wei a la dinastía Tan |
|
| 260 |
_aVeracruz, México _bUniversidad de Veracruz _c2020 |
||
| 300 |
_a412 p _bIlustraciones a color _c23 cm |
||
| 440 |
_aHistoria del arte chino _nTomo 2 _pDe la dinastía Wei a la dinastía Tang _vVolumen 2 _928745 |
||
| 500 | _aL60/N5 | ||
| 505 | 2 | _aTraducción de: Zhongguo MeishuAdaptación de: Zhongguo MeishuDestinado a: Historiadores, artistas, investigadores, antrpólogosTexto en: españolIncluye índice (temático) | |
| 600 | 1 |
_2Autor _aWeinuo, Jin _928746 |
|
| 650 | 1 |
_2Arte _aHistoria del arte _vChina _928747 |
|
| 651 | 2 |
_2Asia oriental _aChina _vArte _928748 |
|
| 700 | 1 |
_4Coord. Trad. _aSánchez Domínguez, Karla _928749 |
|
| 700 | 1 |
_4Dis. _aPozos Villanueva, Aida _928750 |
|
| 700 | 1 |
_4Ed. _aGarcía Valencia, Édgar _928751 |
|
| 700 | 1 |
_4Trad. _aVargas Quintana, Enrique _928752 |
|
| 700 | 1 |
_4Trad. _aPardo Domínguez, Yaoci _928753 |
|
| 700 | 1 |
_4Trad. _aCavazos del Bosque, Esbed _928754 |
|
| 700 | 1 |
_4Trad. _aDimitrova, Radina _928755 |
|
| 700 | 1 |
_4Trad. _aCelis, Martha _928756 |
|
| 700 | 1 |
_4Trad. _aVargas Celis, Enrique _928757 |
|
| 700 | 1 |
_4Trad. _aGonzález Velázquez, Carmen _928758 |
|
| 942 |
_2lcc _cB |
||
| 999 |
_c10877 _d10877 |
||